Spell the Marvel Character #420 - Statistics

General Stats
  • This quiz has been taken 11 times
  • The average score is 6 of 7
Answer Stats
Picture Answer % Correct
Iron Fist
100%
Speed
100%
Lockheed
91%
Old Lace
91%
Marrow
73%
Ms. Lion
73%
Northstar
73%
No matching quizzes found
Score Distribution
Percent of People with Each Score
Percentile by Number Answered
Your Score History
You have not taken this quiz